[Event "Oslo Chess Festival 2017 "]
[Site "Quality Hotel Expo, Fornebu"]
[Date "2017.09.29"]
[Round "4"]
[White "Wærstad, Leif E"]
[Black "Larre, Linnea"]
[Result "1-0"]
[WhiteElo "1614"]
[BlackElo "1426"]
[PlyCount "111"]
[EventDate "2017.??.??"]

1. d4 Nf6 2. Nf3 g6 3. c4 Bg7 4. e3 O-O 5. Be2 d6 6. O-O Bf5 7. Nc3 Re8 8. Qb3
b6 9. Rd1 Nbd7 10. Nh4 e6 11. Nxf5 exf5 12. Bf3 Rb8 13. Qc2 c5 14. Rb1 Rc8 15.
Nb5 Nb8 16. Bb7 a6 17. Bxc8 axb5 18. Bb7 Qc7 19. Bf3 cxd4 20. exd4 bxc4 21. Be3
d5 22. g3 Nc6 23. b4 b5 24. a4 bxa4 25. Qxa4 Qb6 26. b5 Na7 27. Bf4 Ne4 28.
Bxe4 fxe4 29. Bc7 Qxc7 30. b6 Qc6 31. Qxa7 Ra8 32. b7 Rxa7 33. b8=Q+ Bf8 34.
Qxa7 Bh6 35. Qb8+ Bf8 36. Rdc1 Kg7 37. Qb5 Qd6 38. Rc3 Kh6 39. Qb6 Qe7 40. Rb5
Qd7 41. Qb7 Qxb7 42. Rxb7 Bg7 43. Rxf7 Bxd4 44. Rc2 c3 45. Rd7 e3 46. fxe3
Bxe3+ 47. Kf1 d4 48. Ke2 g5 49. g4 Kg6 50. Kd3 h5 51. h3 hxg4 52. hxg4 Kf6 53.
Rxd4 Bxd4 54. Kxd4 Ke6 55. Rxc3 Kd6 56. Ke4
1-0

[Event "Oslo Chess Festival 2017 "]
[Site "Quality Hotel Expo, Fornebu"]
[Date "2017.09.29"]
[Round "4"]
[White "Gabrielsen, Rasmus Arvola"]
[Black "Selvik, Elma"]
[Result "1-0"]
[WhiteElo "1612"]
[BlackElo "1186"]
[PlyCount "97"]
[EventDate "2017.??.??"]

1. e4 e5 2. Nf3 Nc6 3. d4 exd4 4. Bc4 Bc5 5. c3 dxc3 6. bxc3 h6 7. O-O d6 8.
Re1 Bg4 9. h3 Bh5 10. Bb2 Ne5 11. Be2 Nf6 12. Nxe5 Bxe2 13. Qxe2 dxe5 14. Ba3
Bxa3 15. Nxa3 O-O 16. Qb5 Qe7 17. Nc4 Rfe8 18. Qxb7 Qc5 19. Qb4 Qxb4 20. cxb4
Rab8 21. a3 Rbd8 22. Na5 Rd2 23. Nc6 a6 24. Kf1 Re6 25. Na5 Nd7 26. Rec1 Red6
27. Nc4 R2d4 28. Nxd6 cxd6 29. f3 d5 30. exd5 Rxd5 31. Rd1 Nf6 32. Rxd5 Nxd5
33. Kf2 Nb6 34. Rc1 f6 35. Rc6 Nd7 36. Rxa6 Kf7 37. a4 Ke8 38. a5 Kd8 39. b5
Kc8 40. Rc6+ Kb7 41. a6+ Kb8 42. b6 f5 43. a7+ Ka8 44. Rc8+ Kb7 45. a8=Q+ Kxb6
46. Qc6+ Ka5 47. Qxd7 Kb4 48. Qb7+ Ka4 49. Ra8#
1-0

[Event "Oslo Chess Festival 2017 "]
[Site "Quality Hotel Expo, Fornebu"]
[Date "2017.09.29"]
[Round "4"]
[White "Kalkman De Koster, Franzke"]
[Black "Madsen, Øystein"]
[Result "1-0"]
[WhiteElo "1538"]
[BlackElo "1169"]
[PlyCount "40"]
[EventDate "2017.??.??"]

1. d4 g6 2. c4 Bg7 3. e4 d6 4. Nf3 e6 5. Be2 Ne7 6. O-O h6 7. Nc3 O-O 8. Be3
Nd7 9. Qd2 Kh7 10. g3 f5 11. Bd3 c5 12. d5 Ne5 13. Nxe5 dxe5 14. f4 exf4 15.
Rxf4 b6 16. Raf1 g5 17. R4f2 Qd6 18. dxe6 Bxe6 19. exf5 Bd7 20. f6+ Kg8
1-0

[Event "Oslo Chess Festival 2017 "]
[Site "Quality Hotel Expo, Fornebu"]
[Date "2017.09.29"]
[Round "4"]
[White "Selvik, Kjetil"]
[Black "Haynes, Noah"]
[Result "1-0"]
[WhiteElo "1517"]
[BlackElo "1114"]
[PlyCount "35"]
[EventDate "2017.??.??"]

1. c4 c5 2. g3 g6 3. Bg2 Bg7 4. Nc3 Nf6 5. d3 Nc6 6. Bg5 O-O 7. Qd2 Re8 8. e3
e5 9. Nge2 Qc7 10. Bxf6 Bxf6 11. Nd5 Qd8 12. Nxf6+ Qxf6 13. Nc3 Ne7 14. O-O a6
15. f4 exf4 16. Rxf4 Qb6 17. Nd5 Nxd5 18. Bxd5
1-0

[Event "Oslo Chess Festival 2017 "]
[Site "Quality Hotel Expo, Fornebu"]
[Date "2017.09.29"]
[Round "4"]
[White "Kreken, Eivind Grunt"]
[Black "Engevik, Sissel Merete"]
[Result "1-0"]
[WhiteElo "1486"]
[BlackElo "1092"]
[PlyCount "67"]
[EventDate "2017.??.??"]

1. e4 e5 2. Nf3 Nc6 3. Bc4 Nf6 4. d4 Nxe4 5. dxe5 Bb4+ 6. c3 Bc5 7. Qd5 Qe7 8.
Qxe4 d6 9. O-O dxe5 10. Be3 f5 11. Qd5 e4 12. Bxc5 Qe6 13. Qxe6+ Bxe6 14. Bxe6
exf3 15. Bxf5 fxg2 16. Re1+ Kf7 17. Na3 Rad8 18. Rad1 g6 19. Be4 b6 20. Bxc6
bxc5 21. Nc4 Kf6 22. Kxg2 Rxd1 23. Rxd1 h5 24. Rd5 g5 25. Rxc5 g4 26. Bd7 Rd8
27. Rxc7 a6 28. Rc6+ Ke7 29. Bf5 Rd5 30. Be4 Rg5 31. Rxa6 h4 32. Rg6 Rh5 33.
Rxg4 h3+ 34. Kg3
1-0

[Event "Oslo Chess Festival 2017 "]
[Site "Quality Hotel Expo, Fornebu"]
[Date "2017.09.29"]
[Round "4"]
[White "Naudeer, Terje Skonseng"]
[Black "Leonhardsen, Vebjørn Maanum"]
[Result "1-0"]
[WhiteElo "1207"]
[BlackElo "1483"]
[PlyCount "39"]
[EventDate "2017.??.??"]

1. e4 c6 2. d4 d5 3. Nc3 dxe4 4. Nxe4 Bf5 5. Ng3 Bg6 6. f4 e6 7. Nf3 Nd7 8. Bc4
Be7 9. O-O h6 10. Ne5 Bh7 11. Qh5 Nxe5 12. Qxe5 Bf6 13. Qe2 Bxd4+ 14. Kh1 g6
15. c3 Bg7 16. Be3 Ne7 17. Rad1 Qc7 18. Bc5 b6 19. Bd6 Qd8 20. Be5
1-0

[Event "Oslo Chess Festival 2017 "]
[Site "Quality Hotel Expo, Fornebu"]
[Date "2017.09.29"]
[Round "4"]
[White "Kleinert, Juergen"]
[Black "Mikalsen, Bengt Arne"]
[Result "1-0"]
[WhiteElo "1918"]
[BlackElo "1727"]
[PlyCount "53"]
[EventDate "2017.??.??"]

1. e4 e5 2. Nf3 d5 3. exd5 Bd6 4. d4 e4 5. Ne5 Nf6 6. Bb5+ c6 7. dxc6 bxc6 8.
Nxc6 Qb6 9. Nc3 Nxc6 10. d5 O-O 11. Be3 Qc7 12. Bxc6 Rb8 13. Rb1 Ba6 14. h3
Rfd8 15. Ne2 Be5 16. O-O Rxb2 17. Rxb2 Bxb2 18. Re1 Bc4 19. Qb1 Qa5 20. c3 Ba3
21. Bd4 Bd3 22. Qb3 Bc5 23. Bxf6 gxf6 24. Ng3 Qc7 25. Nxe4 Qf4 26. Nxc5 Qe5 27.
g3 
1-0

[Event "Oslo Chess Festival 2017 "]
[Site "Quality Hotel Expo, Fornebu"]
[Date "2017.09.29"]
[Round "5.27"]
[White "Kvisvik, Brede Alex"]
[Black "Huse, Sigurd KjelsbÃ¸l"]
[Result "1-0"]
[WhiteElo "2296"]
[BlackElo "1876"]
[PlyCount "95"]
[EventDate "2017.??.??"]

1. d4 d5 2. c4 c6 3. cxd5 cxd5 4. Bf4 Nc6 5. e3 Nf6 6. Nc3 a6 7. Bd3 e6 8. Rc1
Bd6 9. Bxd6 Qxd6 10. f4 O-O 11. Nf3 b5 12. Ne5 Bb7 13. O-O Rac8 14. Qf3 Rc7 15.
Bxb5 axb5 16. Nxb5 Qe7 17. Nxc7 Qxc7 18. f5 exf5 19. Qxf5 Qd6 20. a3 Ne7 21.
Qf4 Qe6 22. Rc7 Ba6 23. Rfc1 Bc4 24. Nxc4 dxc4 25. Qe5 Ned5 26. Qxe6 fxe6 27.
R7xc4 Nxe3 28. Rc8 Nfd5 29. b4 Nb6 30. Rxf8+ Kxf8 31. Rc6 Ned5 32. Rxe6 Kf7 33.
Re5 Kf6 34. Kf2 g6 35. Kf3 Kf7 36. Ke4 Nc3+ 37. Kd3 Ncd5 38. g3 Kf6 39. b5 Nc7
40. Rc5 Ncd5 41. a4 Ke6 42. a5 Nd7 43. Rc6+ Ke7 44. Kc4 Ne3+ 45. Kc3 Nd5+ 46.
Kb3 Kd8 47. Rd6 Nc7 48. b6 1-0

[Event "Oslo Chess Festival 2017 "]
[Site "Quality Hotel Expo, Fornebu"]
[Date "2017.09.29"]
[Round "5.36"]
[White "Vestby-Ellingsen, Mads"]
[Black "Aure, Anders Nilsson"]
[Result "1-0"]
[WhiteElo "2262"]
[BlackElo "1803"]
[PlyCount "55"]
[EventDate "2017.??.??"]

1. e4 c5 2. Nf3 d6 3. d4 cxd4 4. Nxd4 Nf6 5. Nc3 g6 6. Be3 Bg7 7. f3 O-O 8. Qd2
Nc6 9. Bc4 Nxd4 10. Bxd4 Be6 11. Bb3 Qa5 12. O-O Rfc8 13. Rad1 Bxb3 14. axb3
Qd8 15. Kh1 a6 16. Nd5 Nxd5 17. Bxg7 Kxg7 18. exd5 Qc7 19. c3 b5 20. f4 a5 21.
f5 f6 22. Rf3 a4 23. Re1 Qd7 24. Rh3 Rh8 25. bxa4 bxa4 26. Qe3 Kf7 27. Qe4 Rae8
28. Rxh7+ 1-0

[Event "Oslo Chess Festival 2017 "]
[Site "Quality Hotel Expo, Fornebu"]
[Date "2017.09.29"]
[Round "5.48"]
[White "Eidukas, Paulius"]
[Black "Lund, Gunnar"]
[Result "0-1"]
[WhiteElo "1546"]
[BlackElo "2244"]
[PlyCount "108"]
[EventDate "2017.??.??"]

1. e4 e5 2. Nf3 Nc6 3. Bb5 a6 4. Ba4 Nf6 5. O-O Be7 6. Re1 b5 7. Bb3 O-O 8. c3
d6 9. h3 Nb8 10. d4 Nbd7 11. Nbd2 Bb7 12. Bc2 Re8 13. Nf1 Bf8 14. Ng3 g6 15. a4
c5 16. d5 c4 17. Bg5 h6 18. Be3 Qc7 19. Qd2 Kh7 20. Nh2 Bg7 21. Ra3 Nc5 22.
axb5 axb5 23. Rea1 Rxa3 24. Rxa3 Ra8 25. Rxa8 Bxa8 26. Ng4 Ng8 27. f4 Nd7 28.
f5 Ndf6 29. fxg6+ fxg6 30. Bd1 Bb7 31. Bf3 Bc8 32. Nh1 Bxg4 33. hxg4 g5 34. Ng3
Ne7 35. Nh5 Ng6 36. g3 Nf8 37. Nxf6+ Bxf6 38. Qf2 Kg7 39. Bd1 Qa5 40. Kf1 Qa1
41. Ke1 Qb1 42. Qc2 Qa1 43. Qc1 Qa6 44. Qd2 Bd8 45. b4 cxb3 46. Bxb3 Qc8 47.
Qd3 Qxg4 48. Qxb5 Qxg3+ 49. Kd2 Qg2+ 50. Kd1 Qxe4 51. Qb7+ Kg8 52. Bc5 Qd3+ 53.
Kc1 Qxc3+ 54. Bc2 Qxc5 0-1

[Event "Oslo Chess Festival 2017 "]
[Site "Quality Hotel Expo, Fornebu"]
[Date "2017.09.29"]
[Round "5.37"]
[White "Markussen, Petter B"]
[Black "SjÃ¸berg, Isak"]
[Result "1-0"]
[WhiteElo "1756"]
[BlackElo "2078"]
[PlyCount "85"]
[EventDate "2017.??.??"]

1. c4 Nf6 2. Nc3 g6 3. Nf3 Bg7 4. g3 O-O 5. Bg2 c6 6. O-O d5 7. cxd5 cxd5 8. d4
Ne4 9. Qb3 Nc6 10. Rd1 Nxc3 11. Qxc3 Bf5 12. Bf4 Rc8 13. Qd2 Qb6 14. Ne5 Rfd8
15. Rac1 f6 16. Nxc6 bxc6 17. Qc3 g5 18. Be3 Qa6 19. Bf3 g4 20. Bg2 e5 21. a3
c5 22. dxc5 d4 23. Qb3+ Be6 24. Qb7 Qxb7 25. Bxb7 dxe3 26. Bxc8 exf2+ 27. Kxf2
Rxc8 28. Rd6 Kf7 29. Ra6 Rc7 30. b4 Bf8 31. Rd1 Bc4 32. Ra5 a6 33. Rc1 Bb5 34.
a4 Bd7 35. Rxa6 Rc6 36. Rxc6 Bxc6 37. b5 Bd7 38. c6 Bc8 39. b6 Ba6 40. b7 Bd6
41. c7 Bxb7 42. c8=Q Bxc8 43. Rxc8 1-0

[Event "Oslo Chess Festival 2017 "]
[Site "Quality Hotel Expo, Fornebu"]
[Date "2017.09.29"]
[Round "5.38"]
[White "GonzÃ les, Francisco Silva"]
[Black "Roque Sola, Maria Fernanda"]
[Result "1-0"]
[WhiteElo "2046"]
[BlackElo "1746"]
[PlyCount "103"]
[EventDate "2017.??.??"]

1. d4 Nf6 2. c4 g6 3. Nc3 Bg7 4. e4 d6 5. f3 O-O 6. Be3 Nc6 7. Nge2 a6 8. Rc1
Rb8 9. Qd2 Re8 10. b3 e6 11. Ng3 Nd7 12. f4 e5 13. fxe5 dxe5 14. d5 Nd4 15. Be2
Nf6 16. Bg5 Nxe2 17. Kxe2 Bg4+ 18. Kf2 Qd6 19. h3 Bd7 20. Be3 b6 21. Rhf1 h5
22. Kg1 Nh7 23. Qf2 Qf6 24. Nd1 h4 25. Qd2 Qe7 26. Ne2 Nf6 27. Ndc3 b5 28. cxb5
axb5 29. Qc2 b4 30. Nd1 Bb5 31. Bc5 Qd7 32. Nb2 c6 33. d6 Re6 34. Nc4 Bxc4 35.
Qxc4 Bf8 36. Bxb4 Bxd6 37. Bxd6 Rxd6 38. Rf2 Qa7 39. Rcf1 Rb7 40. Kh2 Kg7 41.
Nc3 Nh5 42. Na4 Ng3 43. Nc5 Nxf1+ 44. Rxf1 Re7 45. a4 Rd4 46. Qc1 Qa5 47. Rf2
Qd8 48. Qc3 Qb8 49. Qf3 Qd6 50. Qc3 Qb8 51. Rc2 Qd6 52. Qe3 1-0

[Event "Oslo Chess Festival 2017 "]
[Site "Quality Hotel Expo, Fornebu"]
[Date "2017.09.29"]
[Round "5.29"]
[White "Sidali, Elias Hulleberg"]
[Black "Federovski, Adi"]
[Result "0-1"]
[WhiteElo "1763"]
[BlackElo "2030"]
[PlyCount "140"]
[EventDate "2017.??.??"]

1. e4 c5 2. Nf3 Nc6 3. Bb5 g6 4. Bxc6 bxc6 5. O-O Bg7 6. Re1 Nh6 7. d3 O-O 8.
c3 d6 9. e5 f6 10. e6 d5 11. Bf4 Nf5 12. d4 cxd4 13. Nxd4 Nxd4 14. Qxd4 Qb6 15.
Qd2 Ba6 16. Be3 Qb7 17. b4 f5 18. Bd4 f4 19. Bxg7 Kxg7 20. Qd4+ Kg8 21. Nd2 Qb6
22. Nb3 f3 23. g3 Be2 24. Qxb6 axb6 25. Nd4 Bb5 26. Nxb5 cxb5 27. Re5 Rf5 28.
Re3 Kg7 29. h3 h5 30. Kh2 Kf6 31. g4 hxg4 32. hxg4 Re5 33. Rxf3+ Kxe6 34. a3
Re4 35. Kg3 Rc8 36. Rd3 Rec4 37. Rc1 Kd6 38. f3 g5 39. Kg2 Ra8 40. Ra1 Rc7 41.
Kg3 Rh8 42. Kg2 e6 43. a4 Rch7 44. Kf2 Rh2+ 45. Ke3 bxa4 46. Rxa4 Rc2 47. Ra1
Rhh2 48. Re1 Ke5 49. f4+ gxf4+ 50. Kf3+ Kf6 51. Kxf4 e5+ 52. Kg3 Rcg2+ 53. Kf3
e4+ 54. Rxe4 dxe4+ 55. Kxe4 Rxg4+ 56. Kd5 b5 57. Kc6 Rh5 58. Rd6+ Ke7 59. Rd7+
Ke8 60. Rd6 Rc4+ 61. Kb6 Rxc3 62. Re6+ Kd7 63. Re4 Rc4 64. Rxc4 bxc4 65. b5 c3
66. Ka6 c2 67. b6 c1=Q 68. b7 Qc6+ 69. Ka7 Ra5+ 70. Kb8 Qc7# 0-1

[Event "Oslo Chess Festival 2017 "]
[Site "Quality Hotel Expo, Fornebu"]
[Date "2017.09.29"]
[Round "5.30"]
[White "LindbÃ¸l, Aleksander"]
[Black "Dahl, Max"]
[Result "1-0"]
[WhiteElo "2006"]
[BlackElo "1670"]
[PlyCount "79"]
[EventDate "2017.??.??"]

1. e4 c6 2. Nc3 d5 3. Nf3 dxe4 4. Nxe4 Nf6 5. Nxf6+ exf6 6. d4 Bf5 7. Bc4 Bd6
8. Nh4 Bg6 9. O-O O-O 10. Nxg6 hxg6 11. Qg4 Kh7 12. h4 Qd7 13. Qf3 Qf5 14. Qb3
b5 15. Bxf7 Qg4 16. f4 a5 17. Qe6 Qxe6 18. Bxe6 f5 19. Bd2 a4 20. Rfe1 Ra7 21.
Kf2 Re7 22. Re2 Rfe8 23. Rae1 Na6 24. Bd7 Rxe2+ 25. Rxe2 Rxe2+ 26. Kxe2 Nb8 27.
Be8 Kh6 28. Kf3 Kh5 29. Ba5 Kh6 30. Bb6 a3 31. b3 Na6 32. c3 b4 33. c4 c5 34.
Bb5 Nc7 35. dxc5 Nxb5 36. cxb5 Bb8 37. c6 Kh5 38. Ba7 Bxa7 39. c7 Bb6 40. c8=Q
1-0

[Event "Oslo Chess Festival 2017 "]
[Site "Quality Hotel Expo, Fornebu"]
[Date "2017.09.29"]
[Round "5.31"]
[White "Martinsen, Vegard"]
[Black "Vitenberg, Noam Aviv"]
[Result "0-1"]
[WhiteElo "1443"]
[BlackElo "1989"]
[PlyCount "54"]
[EventDate "2017.??.??"]

1. e4 c6 2. d4 d5 3. exd5 cxd5 4. Nc3 Nf6 5. Nf3 Bg4 6. h3 Bh5 7. Bf4 Nc6 8.
Bb5 e6 9. O-O Bd6 10. Bxd6 Qxd6 11. Bxc6+ Qxc6 12. Qd3 Bxf3 13. Qxf3 Rc8 14.
Rfe1 O-O 15. Re5 Qb6 16. Rg5 Nd7 17. Qg4 g6 18. Nxd5 Qxb2 19. Ne7+ Kg7 20. Re1
Nf6 21. Qg3 Qb4 22. Rxe6 fxe6 23. Rxg6+ hxg6 24. Qxg6+ Kh8 25. Qh6+ Nh7 26.
Ng6+ Kg8 27. Ne5 Rf6 0-1

[Event "Oslo Chess Festival 2017 "]
[Site "Quality Hotel Expo, Fornebu"]
[Date "2017.09.29"]
[Round "5.54"]
[White "Madsen, Ã~ystein"]
[Black "Roque Sola, Andrea"]
[Result "0-1"]
[WhiteElo "1169"]
[BlackElo "1900"]
[PlyCount "104"]
[EventDate "2017.??.??"]

1. f4 g6 2. Nf3 Bg7 3. e3 e6 4. d4 Ne7 5. Bd3 c5 6. c3 b6 7. O-O O-O 8. Bd2 d5
9. Be1 Ba6 10. Bh4 f6 11. Rf2 Bxd3 12. Qxd3 Nf5 13. Na3 Nc6 14. Nc2 Nd6 15. Re2
Ne7 16. Rf1 Ne4 17. Nce1 Nf5 18. Bf2 Rc8 19. Rc2 Rf7 20. Nd2 Nfd6 21. Nxe4 Nxe4
22. Nf3 Rfc7 23. Rfc1 Rc6 24. Ne1 Bf8 25. Kf1 Bd6 26. g3 R8c7 27. Kg2 Qc8 28.
Kf3 Kg7 29. Kg2 Qd7 30. Kf3 Qf7 31. Kg2 Rc8 32. Qe2 e5 33. Nd3 c4 34. Ne1 exd4
35. exd4 Re8 36. Qf1 Rc7 37. Nf3 Rce7 38. Re1 b5 39. Nd2 a5 40. Nf3 Qe6 41.
Rce2 Qd7 42. Be3 b4 43. Bd2 Qa4 44. Bc1 bxc3 45. bxc3 Nxc3 46. Rxe7+ Rxe7 47.
Rxe7+ Bxe7 48. Qe1 Qxa2+ 49. Bd2 Ne4 50. Kf1 Bb4 51. Bxb4 axb4 52. Nh4 Qxh2 0-1

[Event "Oslo Chess Festival 2017 "]
[Site "Quality Hotel Expo, Fornebu"]
[Date "2017.09.29"]
[Round "5.40"]
[White "Mikalsen, Bengt Arne"]
[Black "Nilsen, Tobias Lang"]
[Result "0-1"]
[WhiteElo "1727"]
[BlackElo "1899"]
[PlyCount "88"]
[EventDate "2017.??.??"]

1. e4 c5 2. Nf3 d6 3. d4 cxd4 4. Nxd4 Nf6 5. Nc3 a6 6. a4 e5 7. Nb3 Be6 8. Be2
Be7 9. O-O O-O 10. Be3 Nbd7 11. a5 Rc8 12. f3 Qc7 13. Qd2 Rfd8 14. Rfc1 Qc6 15.
Qe1 d5 16. exd5 Nxd5 17. Nxd5 Bxd5 18. Nd2 Bc5 19. Qf2 Bxe3 20. Qxe3 Qc5 21.
Kf2 Qb4 22. c4 Bc6 23. Qc3 Qe7 24. b4 Qh4+ 25. Kg1 Nf6 26. Nf1 e4 27. Ng3 exf3
28. Bxf3 Bxf3 29. Nf5 Qg4 30. Qxf3 Qxf3 31. gxf3 Kf8 32. Ra2 g6 33. Ne3 Rd3 34.
Kf2 Rb3 35. b5 axb5 36. a6 bxa6 37. Rxa6 Rb2+ 38. Kg1 Nh5 39. Rb6 Nf4 40. Rd1
Re2 41. Nd5 Nh3+ 42. Kf1 Rf2+ 43. Ke1 Re8+ 44. Ne3 Rxe3# 0-1

[Event "Oslo Chess Festival 2017 "]
[Site "Quality Hotel Expo, Fornebu"]
[Date "2017.09.29"]
[Round "5.45"]
[White "Svanholm, BÃ¸rge Waaktaar"]
[Black "Selvik, Kjetil"]
[Result "1/2-1/2"]
[WhiteElo "1806"]
[BlackElo "1517"]
[PlyCount "60"]
[EventDate "2017.??.??"]

1. c4 b6 2. Nf3 Bb7 3. g3 e6 4. Bg2 f5 5. O-O Nf6 6. d4 d6 7. Nc3 Ne4 8. Qc2
Nd7 9. b3 Be7 10. Bb2 Nxc3 11. Bxc3 O-O 12. Rad1 Be4 13. Qb2 Qe8 14. e3 Qh5 15.
Qe2 g5 16. Rfe1 g4 17. Nd2 Bxg2 18. Kxg2 Rf6 19. Kg1 Rh6 20. f3 Nf6 21. f4 Qf7
22. e4 Re8 23. Qg2 d5 24. exd5 exd5 25. Re2 Ne4 26. Nxe4 dxe4 27. d5 Bc5+ 28.
Kf1 a5 29. Bd4 Bb4 30. Qf2 Qe7 1/2-1/2

[Event "Oslo Chess Festival 2017 "]
[Site "Quality Hotel Expo, Fornebu"]
[Date "2017.09.29"]
[Round "5.46"]
[White "Jarve, Edvin"]
[Black "Roksvold, Thore"]
[Result "1-0"]
[WhiteElo "1805"]
[BlackElo "1479"]
[PlyCount "119"]
[EventDate "2017.??.??"]

1. d4 d5 2. c4 c6 3. Nf3 e6 4. g3 f5 5. Bg2 Nf6 6. Bf4 Bd6 7. Bxd6 Qxd6 8. Qc2
Qb4+ 9. Nbd2 Ne4 10. a3 Qe7 11. O-O O-O 12. b4 Nd7 13. Rac1 Ng5 14. Nxg5 Qxg5
15. Nf3 Qe7 16. b5 Rb8 17. cxd5 cxd5 18. Qc7 Qd8 19. Qf4 h6 20. h4 b6 21. Qd6
Bb7 22. Qxe6+ Rf7 23. Rc3 Nf8 24. Qe3 Rc8 25. Rfc1 Rxc3 26. Qxc3 g5 27. Ne5 Rg7
28. Nc6 Bxc6 29. Qxc6 Ng6 30. Qxd5+ Qxd5 31. Bxd5+ Kh7 32. hxg5 hxg5 33. Be6 f4
34. Kg2 fxg3 35. Rh1+ Nh4+ 36. Kxg3 Kg6 37. Rc1 Re7 38. Rc6 Nf5+ 39. Bxf5+ Kxf5
40. e3 Rg7 41. d5 Rd7 42. d6 Ke6 43. Kg4 Kf6 44. f4 gxf4 45. Kxf4 Ke6 46. Ke4
Rxd6 47. Rxd6+ Kxd6 48. Kd4 Ke6 49. e4 Kd6 50. e5+ Ke6 51. Ke4 Ke7 52. Kd5 Kd7
53. e6+ Ke7 54. Ke5 Ke8 55. Kd6 Kd8 56. e7+ Ke8 57. a4 a6 58. bxa6 b5 59. axb5
Kf7 60. a7 1-0

[Event "Oslo Chess Festival 2017 "]
[Site "Quality Hotel Expo, Fornebu"]
[Date "2017.09.29"]
[Round "5.50"]
[White "Hestvik, Elias"]
[Black "Schouten, Mathias Lind"]
[Result "1/2-1/2"]
[WhiteElo "1354"]
[BlackElo "1718"]
[PlyCount "106"]
[EventDate "2017.??.??"]

1. e4 e5 2. Nf3 Nc6 3. Nc3 Nf6 4. Bb5 Bc5 5. d3 d6 6. Bg5 O-O 7. Nd5 Bg4 8.
Nxf6+ gxf6 9. Bh6 Re8 10. h3 Bh5 11. g4 Bg6 12. h4 Kh8 13. h5 Rg8 14. hxg6 Rxg6
15. Bxc6 bxc6 16. Nd2 Qb8 17. Nb3 Qb6 18. Nxc5 Qxc5 19. Bd2 d5 20. b3 dxe4 21.
dxe4 Rd8 22. c3 f5 23. Qe2 fxg4 24. O-O-O Rdg8 25. Rdg1 a5 26. Kb2 a4 27. Qe3
a3+ 28. Kc2 Qd6 29. Qd3 Qe6 30. Qe3 Qd6 31. Rh6 Qe6 32. Rxg6 Qxg6 33. Rh1 Qd6
34. Rh6 f6 35. Qg3 Rd8 36. Qe3 Rg8 37. Rh4 Rg7 38. Qd3 Qe7 39. Rh6 Rg8 40. Qg3
Qd6 41. f3 Rd8 42. Rh2 Qd3+ 43. Kc1 Qf1+ 44. Kc2 Qd3+ 45. Kc1 Qf1+ 46. Qe1 Qxf3
47. Rf2 Qh3 48. Rxf6 Kg7 49. Qf2 Qh1+ 50. Kc2 Qxe4+ 51. Kc1 Qh1+ 52. Kc2 Qe4+
53. Kc1 Qh1+ 1/2-1/2

[Event "Oslo Chess Festival 2017 "]
[Site "Quality Hotel Expo, Fornebu"]
[Date "2017.09.29"]
[Round "5.51"]
[White "Bentsen, Morten"]
[Black "Tenold, Andreas"]
[Result "0-1"]
[WhiteElo "1292"]
[BlackElo "1625"]
[PlyCount "90"]
[EventDate "2017.??.??"]

1. d4 d5 2. c4 e6 3. Nf3 Nf6 4. e3 c5 5. Nc3 Nc6 6. a3 b6 7. cxd5 exd5 8. Bb5
Bd7 9. Qa4 Qc7 10. O-O a6 11. e4 dxe4 12. Re1 Be7 13. Nxe4 O-O 14. Bxc6 Bxc6
15. Nxf6+ Bxf6 16. Qb3 cxd4 17. g3 Qb7 18. Kg2 Rad8 19. Bd2 d3 20. Re3 Bg5 21.
Rxd3 Rxd3 22. Qxd3 Bxd2 23. Qxd2 Bxf3+ 24. Kg1 Qe4 25. Rc1 Qf5 26. Qc3 h6 27.
h4 Rd8 28. Qb3 Rd3 29. Qc4 Qd7 30. Kh2 Rd2 31. Qf1 Qd4 32. Kg1 Rd1 33. Kh2 Qd3
34. Rxd1 Qxd1 35. Kg1 Qxf1+ 36. Kxf1 f5 37. Ke1 Kf7 38. Kd2 g5 39. hxg5 hxg5
40. Ke3 g4 41. Kd4 Ke6 42. b4 Kd6 43. Kc4 b5+ 44. Kd4 Be4 45. Ke3 Kd5 0-1

[Event "Oslo Chess Festival 2017 "]
[Site "Quality Hotel Expo, Fornebu"]
[Date "2017.09.29"]
[Round "5.52"]
[White "HÃ¥nes, Sturle"]
[Black "Gabrielsen, Rasmus Arvola"]
[Result "0-1"]
[WhiteElo "1300"]
[BlackElo "1612"]
[PlyCount "120"]
[EventDate "2017.??.??"]

1. d4 Nf6 2. Nf3 d5 3. Bf4 e6 4. e3 Be7 5. Bd3 O-O 6. c3 c5 7. O-O Nc6 8. Nbd2
b6 9. Re1 Bb7 10. h3 Qd7 11. Bb5 a6 12. Ne5 Qc8 13. Bd3 Nxe5 14. Bxe5 Qd7 15.
Nf3 Rac8 16. Bf4 b5 17. Ne5 Qd8 18. Qc2 h6 19. Qe2 c4 20. Bc2 Bd6 21. Bg3 Bxe5
22. Bxe5 Nd7 23. Bf4 Qf6 24. Qg4 Rcd8 25. Qg3 Ra8 26. e4 dxe4 27. Bxe4 Bd5 28.
Bxd5 exd5 29. Re2 Qg6 30. Qxg6 fxg6 31. Rae1 Nf6 32. f3 Rae8 33. Kf2 Rxe2+ 34.
Rxe2 Re8 35. Re5 Kf7 36. g4 g5 37. Bg3 Rxe5 38. Bxe5 Ke6 39. f4 gxf4 40. Bxf4
g5 41. Be3 Kd7 42. Kg3 a5 43. Kf3 Ne4 44. Ke2 b4 45. cxb4 axb4 46. Bd2 Nxd2 47.
Kxd2 Kc6 48. Kc2 Kb5 49. Kd2 Ka4 50. Kc2 c3 51. bxc3 bxc3 52. Kxc3 Ka3 53. Kd3
Kxa2 54. Kc3 Ka3 55. Kc2 Kb4 56. Kd3 Kb3 57. Kd2 Kc4 58. Kc2 Kxd4 59. Kd2 Ke4
60. Ke2 Kf4 0-1

[Event "Oslo Chess Festival 2017 "]
[Site "Quality Hotel Expo, Fornebu"]
[Date "2017.09.29"]
[Round "5.56"]
[White "Smedsrud, Morten S"]
[Black "Haynes, Noah"]
[Result "0-1"]
[WhiteElo "1371"]
[BlackElo "1114"]
[PlyCount "54"]
[EventDate "2017.??.??"]

1. e4 c5 2. Nf3 d6 3. d4 cxd4 4. Nxd4 Nf6 5. Nc3 g6 6. Be3 Bg7 7. f3 O-O 8. Qd2
Nc6 9. O-O-O d5 10. exd5 Nxd5 11. Nxd5 Qxd5 12. Nb3 Qe5 13. Bd4 Nxd4 14. Qxd4
Qc7 15. Qc5 Qf4+ 16. Kb1 Bf5 17. Bd3 Be6 18. Qxe7 a5 19. Be4 Qe5 20. Qa3 b5 21.
Nc5 b4 22. Nd3 Qb5 23. Nxb4 axb4 24. Qxa8 Rxa8 25. Bxa8 Qa5 26. Be4 Qxa2+ 27.
Kc1 Bh6+ 0-1

[Event "Oslo Chess Festival 2017 "]
[Site "Quality Hotel Expo, Fornebu"]
[Date "2017.09.29"]
[Round "6.3"]
[White "Gajewski, Grzegorz"]
[Black "Arvola, Benjamin"]
[Result "1-0"]
[WhiteElo "2630"]
[BlackElo "2458"]
[PlyCount "62"]
[EventDate "2017.??.??"]

1. c4 e5 2. Nc3 Nf6 3. Nf3 Nc6 4. e3 Bb4 5. Qc2 Bxc3 6. bxc3 O-O 7. d3 d6 8.
Be2 Qe7 9. e4 Nh5 10. g3 f5 11. exf5 Bxf5 12. Nh4 Qf7 13. Nxf5 Qxf5 14. Be3 Nf6
15. O-O Ng4 16. Rab1 Nxe3 17. fxe3 Qg5 18. Bf3 Qxe3+ 19. Kg2 Kh8 20. Be4 Rab8
21. Qd1 g6 22. Rxb7 Na5 23. Rxb8 Rxb8 24. Qc2 Kg7 25. Rf2 Qe1 26. Qa4 Rb1 27.
Qd7+ Kh6 28. Qf7 Qg1+ 29. Kh3 Qd1 30. Qf8+ Kg5 31. Rf5+ gxf5 1-0

[Event "Oslo Chess Festival 2017 "]
[Site "Quality Hotel Expo, Fornebu"]
[Date "2017.09.29"]
[Round "6.2"]
[White "Maze, Sebastien"]
[Black "Vovk, Andriy"]
[Result "0-1"]
[WhiteElo "2614"]
[BlackElo "2622"]
[PlyCount "58"]
[EventDate "2017.??.??"]

1. e4 c5 2. Nf3 d6 3. Bb5+ Nd7 4. c3 Ngf6 5. Qe2 a6 6. Ba4 e6 7. Bc2 b5 8. d4
Bb7 9. Nbd2 Be7 10. O-O O-O 11. e5 Nd5 12. Ne4 dxe5 13. dxe5 Qc7 14. Neg5 g6
15. Re1 h6 16. Nh3 Kg7 17. Nf4 Rad8 18. a4 Nxf4 19. Bxf4 Qc6 20. h3 Nb6 21.
axb5 axb5 22. Qe3 g5 23. Bg3 Nc4 24. Qc1 Nd2 25. Bd1 Rd7 26. c4 Nxc4 27. Ra7
Rfd8 28. h4 Nxb2 29. Bc2 Nd3 0-1

[Event "Oslo Chess Festival 2017 "]
[Site "Quality Hotel Expo, Fornebu"]
[Date "2017.09.29"]
[Round "6.4"]
[White "Tryggestad, Andreas G"]
[Black "Cornette, Matthieu"]
[Result "0-1"]
[WhiteElo "2302"]
[BlackElo "2602"]
[PlyCount "96"]
[EventDate "2017.??.??"]

1. e4 c5 2. c3 d5 3. exd5 Qxd5 4. d4 g6 5. Nf3 Bg7 6. Na3 cxd4 7. Bc4 Qe4+ 8.
Be3 Nh6 9. cxd4 O-O 10. O-O Nf5 11. Re1 Nxe3 12. Rxe3 Qf4 13. Rxe7 Nc6 14. Re3
Nxd4 15. Nxd4 Bxd4 16. Rf3 Qe5 17. Qb3 Bf5 18. Nc2 Bxb2 19. Rf1 b5 20. Bd5 Bxc2
21. Qxc2 Qxd5 22. Qxb2 Rac8 23. h3 Rfe8 24. Rb1 a6 25. Rf6 Re6 26. Rxe6 Qxe6
27. Rd1 Qc4 28. Qa3 Qe2 29. Rf1 Rc6 30. Qa5 Kg7 31. Re1 Qb2 32. Rf1 h5 33. g3
Qd4 34. h4 g5 35. hxg5 h4 36. Qa3 Rc3 37. Qxa6 Rxg3+ 38. Kh2 Rxg5 39. Qc6 Qf4+
40. Kh1 Qg4 41. Kh2 b4 42. Qb7 Qf4+ 43. Kh1 Qf5 44. Kh2 h3 45. Qxb4 Rg2+ 46.
Kh1 Qf3 47. Qd4+ Kg6 48. Qb6+ Kh7 0-1